000 00512nam a2200181Ia 4500
001 19645
005 20260306172708.0
008 260306t2018||||xx |||||||||||||| ||spa||
041 _aESP
082 _a340.785
_bM86
100 _aMorales Luna, Félix
_eAUT
245 0 _aLa regla de reconocimiento del sistema jurídico peruano:
_bestudio analítico de las fuentes del derecho peruano
260 _c2018
300 _a270 páginas :
_c20 cm.
650 _aGEN
654 _aCDE
942 _cLIB
_dJUS
_fJUS
_2ddc
_n
999 _c19645
_d19645